Raymond Moody podpisoval svoje knihy

Bibliographic Details
Format: Article
Language:Slovak
PhysicalDescription:Fotogr.
ISSN:1210-1982
Subjects:

MARC

LEADER 00000nab a2200000 ar4500
001 vtls010181421
003 SK-MaSNL
005 20260426063101.0
008 101021c2010 xo ||||||||||||00 b|slo
015 |a SNBRB2010/10  |2 snkbucl 
038 |a SNKBUCL 
040 |a SNKBUCL  |b slo  |c SNKBUCL  |e AACR2 
041 0 |a slo 
044 |a xo  |c SK 
080 |a 82:929:821.111 (73)  |2 2001 
080 |a 821.111 (73):929  |2 2001 
080 |a 82-051  |2 2001 
245 0 0 |a Raymond Moody podpisoval svoje knihy 
300 |b Fotogr. 
600 1 7 |a Moody, Raymond A.,  |d 1944-  |2 snkbucl  |9 200992 
648 7 |a 2010  |2 snkbucl  |9 324355 
648 7 |a 6.9.2010  |2 snkbucl  |9 1284698 
650 0 7 |a návštevy  |2 snkbucl  |9 726269 
651 7 |a Bratislava (Slovensko)  |2 snkbucl  |9 14568 
773 0 |t Knižná revue  |g Roč. XX, č. 19 (2010), s. 2  |x 1210-1982 
852 |a SNK  |b KIS3GCP 
958 |a LX 
958 |a US 
958 |a SK 
999 |c 2552467  |d 2554397